5HLuxD.jpg

KING HENRY VIII SENIOR AND PRIMARY SCHOOL LIBRARY OPAC

Cambridge Checkpoint English : (Record no. 4293)

000 -LEADER
fixed length control field 01050nam a22002057a 4500
003 - CONTROL NUMBER IDENTIFIER
control field OSt
005 - DATE AND TIME OF LATEST TRANSACTION
control field 20250205115131.0
008 - FIXED-LENGTH DATA ELEMENTS--GENERAL INFORMATION
fixed length control field 250205b ||||| |||| 00| 0 eng d
020 ## - INTERNATIONAL STANDARD BOOK NUMBER
International Standard Book Number 9781107657304
040 ## - CATALOGING SOURCE
Transcribing agency KH8
082 ## - DEWEY DECIMAL CLASSIFICATION NUMBER
Classification number 400 COX
100 ## - MAIN ENTRY--PERSONAL NAME
Personal name Cox, Marian,
Relator term author.
245 ## - TITLE STATEMENT
Title Cambridge Checkpoint English :
Remainder of title Workbook 9
Statement of responsibility, etc. Marian Cox.
260 ## - PUBLICATION, DISTRIBUTION, ETC.
Place of publication, distribution, etc. United Kingdom ;
Name of publisher, distributor, etc. Cambridge University Press ,
Date of publication, distribution, etc. 2015.
300 ## - PHYSICAL DESCRIPTION
Extent v, 97 pages :
Other physical details illustrations ;
Dimensions 28 cm.
520 ## - SUMMARY, ETC.
Summary, etc. The Cambridge Checkpoint English suite provides a comprehensive, structured resource which covers the Secondary 1 framework for English and seamlessly progresses into the next key stage (covered by our Cambridge IGCSE® First Language English series). This skill-building, write-in Workbook for Stage 9 is designed to support students' learning and provide extra language tasks and reading and writing skills development, including sequencing and cloze exercises.<br/>
650 ## - SUBJECT ADDED ENTRY--TOPICAL TERM
Topical term or geographic name entry element English
Form subdivision workbook
650 ## - SUBJECT ADDED ENTRY--TOPICAL TERM
Topical term or geographic name entry element English
Form subdivision practice and assessment
942 ## - ADDED ENTRY ELEMENTS (KOHA)
Source of classification or shelving scheme
Koha item type Books - Fiction
Holdings
Withdrawn status Lost status Source of classification or shelving scheme Damaged status Not for loan Collection code Permanent Location Current Location Shelving location Date acquired Full call number Barcode Date last seen Price effective from Koha item type
          Non-Fiction KH8 Senior School Library KH8 Senior School Library Non Fiction 2025-02-05 400 COX 3KHSL000102188 2025-02-05 2025-02-05 Books - Fiction

Powered By KH8 IT Dept